[Event "GER-chT North U12"]
[Site "Magdeburg"]
[Date "2012.09.07"]
[Round "4.3"]
[White "Laubrock, Paul"]
[Black "Erl, Kiran"]
[Result "1-0"]
[WhiteElo "1632"]
[BlackElo "1124"]
[PlyCount "81"]
[EventDate "2012.09.06"]
[EventType "team-swiss"]
[EventRounds "7"]
[EventCountry "GER"]
[SourceTitle "EXT 2015"]
[Source "ChessBase"]
[SourceDate "2014.11.20"]
[SourceVersion "1"]
[SourceVersionDate "2014.11.20"]
[SourceQuality "1"]
[WhiteTeam "Hagen"]
[BlackTeam "Doellnitz"]
[WhiteTeamCountry "GER"]
[BlackTeamCountry "GER"]

1. e4 c6 2. d4 d5 3. e5 Bf5 4. Ne2 e6 5. Ng3 c5 6. Nxf5 exf5 7. c3 Nc6 8. Be3 cxd4 9. cxd4 f6 10. f4 Qb6 11. Qd2 Qa5 12. Qxa5 Nxa5 13. Bd3 g6 14. Nd2 Nc6 15. Ke2 0-0-0 16. Rac1 Re8 17. Bb5 Kc7 18. Rc2 Bh6 19. Rhc1 Re6 20. Nb3 a6 21. Nc5 Re8 22. Nxa6+ Kb6 23. Bxc6 Rc8 24. Bxb7 Rxc2+ 25. Rxc2 Kxb7 26. Nb4 Ne7 27. exf6 Nc8 28. Nxd5 Nd6 29. Rc7+ Kb8 30. a4 Nc8 31. a5 Rd8 32. Rc5 Ka7 33. Ne7 Kb7 34. a6+ Kb8 35. Nc6+ Kc7 36. Nxd8+ Kxd8 37. d5 Bf8 38. f7 h6 39. b4 g5 40. Rxc8+ Kxc8 41. Bc5 1-0

[Event "GER-chT North U12"]
[Site "Magdeburg"]
[Date "2012.09.06"]
[Round "2.3"]
[White "Tiedemann, Fin Niklas"]
[Black "Erl, Kiran"]
[Result "1-0"]
[WhiteElo "1555"]
[BlackElo "1124"]
[PlyCount "119"]
[EventDate "2012.09.06"]
[EventType "team-swiss"]
[EventRounds "7"]
[EventCountry "GER"]
[SourceTitle "EXT 2015"]
[Source "ChessBase"]
[SourceDate "2014.11.20"]
[SourceVersion "1"]
[SourceVersionDate "2014.11.20"]
[SourceQuality "1"]
[WhiteTeam "Luebeck"]
[BlackTeam "Doellnitz"]
[WhiteTeamCountry "GER"]
[BlackTeamCountry "GER"]

1. e4 c6 2. d4 d5 3. Nc3 e6 4. Nf3 Bb4 5. e5 Bxc3+ 6. bxc3 f6 7. Ba3 Nd7 8. exf6 Ngxf6 9. Qd2 Ne4 10. Qe3 Qf6 11. Be2 e5 12. 0-0 Qf4 13. Qxf4 exf4 14. Bd3 Ndf6 15. Rfe1 Bf5 16. Ng5 h6 17. Nxe4 dxe4 18. f3 0-0-0 19. fxe4 Bg6 20. h3 Rhe8 21. e5 Bxd3 22. cxd3 Nd5 23. Bb2 Nb6 24. a4 Nd5 25. Re4 g5 26. Re2 b6 27. Rc1 c5 28. dxc5 bxc5 29. d4 c4 30. Ba3 Ne3 31. Bc5 a6 32. Rb1 Rd7 33. Rb4 Rb7 34. Rxb7 Kxb7 35. Rb2+ Kc8 36. Bd6 Nd5 37. Rb8+ Kd7 38. Rb7+ Kc8 39. Rh7 Re6 40. Ra7 Nxc3 41. Rc7+ Kd8 42. Rxc4 Ne4 43. Bc5 Rc6 44. Be7+ Kd7 45. Rxc6 Kxc6 46. Bd8 Kd7 47. Bb6 Kc6 48. a5 Kd5 49. Kf1 h5 50. Ke1 g4 51. hxg4 hxg4 52. Ke2 Ng5 53. Kf2 g3+ 54. Kf1 Ke4 55. Ke2 f3+ 56. gxf3+ Nxf3 57. e6 g2 58. e7 g1Q 59. e8Q+ Ne5 60. Qxe5# 1-0